Víboras vivas / (Registro nro. 11033)
[ vista simple ]
| 000 -CABECERA | |
|---|---|
| Longitud fija campo de control | 01025nam a2200289 a 4500 |
| 003 - • IDENTIFICADOR DELl NÚMERO DE CONTROL | |
| Identificador del número de control | CO-ViMGA |
| 005 - • FECHA Y HORA DE LA ÚLTIMA TRANSACCIÓN | |
| Fecha y hora de la última transacción | 20230915224034.0 |
| 008 - • CÓDIGOS DE INFORMACIÓN DE LONGITUD FIJA | |
| Códigos de información de longitud fija | 141112s2004 ck r 000 u spa d |
| 020 ## - • NÚMERO INTERNACIONAL NORMALIZADO PARA LIBROS | |
| Número Internacional Normalizado para Libros (ISBN) | 9789681646936 |
| 040 ## - FUENTE DE LA CATALOGACIÓN | |
| Centro catalogador de origen | CO-ViMGA |
| Lengua de catalogación | spa |
| Centro transcriptor | CO-ViMGA |
| 041 ## - • CÓDIGO DE LENGUA | |
| Código de lengua del texto/banda sonora o título independiente | spa eng |
| 043 ## - CÓDIGO DE ÁREA GEOGRÁFICA | |
| Código de área geográfica | e - uk - en |
| 100 1# - • PUNTO DE ACCESO PRINCIPAL-NOMBRE DE PERSONA | |
| Nombre de persona | Townson, Hazel. |
| 245 10 - • TITULO PROPIAMENTE DICHO | |
| Título | Víboras vivas / |
| Mención de responsabilidad, etc. | Hazel Townson ; ilustraciones de Tony Ross ; traducción de Joaquín Diez Canedo. |
| 300 ## - • DESCRIPCIÓN FÍSICA | |
| Extensión | 64 p. : il. ; 19 cm. |
| 490 ## - • MENCIÓN DE SERIE | |
| Mención de serie | A la orilla del viento. para los que están aprendiendo a leer ; 64 |
| 650 14 - • PUNTO DE ACCESO ADICIONAL DE MATERIA - TÉRMINO DE MATERIA | |
| Término de materia o nombre geográfico como elemento inicial | CUENTOS INFANTILES INGLESES |
| 700 1# - • PUNTO DE ACCESO ADICIONAL - NOMBRE DE PERSONA | |
| Nombre de persona | Díez Canedo, Joaquín, tr. |
| 700 1# - • PUNTO DE ACCESO ADICIONAL - NOMBRE DE PERSONA | |
| Nombre de persona | Ross, Tony, 1938 - , il. |
| 942 ## - ENTRADA DE ELEMENTOS AGREGADOS (KOHA) | |
| Fuente de clasificaión o esquema | Dewey Decimal Classification |
| Koha [por defecto] tipo de item | LIbro |
| Perdido | Fuente de clasificación o esquema | Estado Físico | No para préstamo | Forma de adquisición | Localización permanente | Localización actual | Fecha adquisición | Serie de enumeración / cronolog&íacute;a | Préstamos totales | Signatura completa | Código de barras | Fecha última consulta | Número de copia | Fecha del precio de reemplazo | Tipo de item de Koha | Localización en estanterías | Note pública | Fuente de adquisición |
|---|---|---|---|---|---|---|---|---|---|---|---|---|---|---|---|---|---|---|
| Dewey Decimal Classification | Infantil | Biblioteca Pública Dorado | Biblioteca Pública Dorado | 10/25/2023 | C TOW1 | DOR03102 | 10/25/2023 | Ej.1 | 10/25/2023 | LIbro | Sala Infantil | |||||||
| Dewey Decimal Classification | Colección General | Biblioteca Pública José Eustasio Rivera - San Martin | Biblioteca Pública José Eustasio Rivera - San Martin | 09/29/2023 | C TOM1 | SM02575 | 09/29/2023 | Ej.1 | 09/29/2023 | Libro Infantil | Sala Infantil | |||||||
| Dewey Decimal Classification | Infantil | Biblioteca Pública Puerto Lleras | Biblioteca Pública Puerto Lleras | 10/16/2025 | C TOM1 | PLL02645 | 10/16/2025 | Ej.1 | 10/16/2025 | Libro Infantil | Literatura | |||||||
| Dewey Decimal Classification | Sala General | Biblioteca Barrio Emporio - Villavicencio | Biblioteca Barrio Emporio - Villavicencio | 12/04/2015 | 27/ene/2015 | C TOW1 | ICM00045 | 12/04/2015 | Ej. 1 | 12/04/2015 | LIbro | |||||||
| Colección Sala Infantil de Literatura Pocatil y Tilín | Biblioteca Pública Departamental Eduardo Carranza - Villavicencio | Biblioteca Pública Departamental Eduardo Carranza - Villavicencio | 01/23/2015 | C TOW1 | ECAICM23681 | 11/26/2024 | Ej.1 | 11/26/2024 | LIbro | General | 17639 | 22600 | |||||||
| Dewey Decimal Classification | Literatura General | Biblioteca Pública Granada - Boca del Monte | Biblioteca Pública Granada - Boca del Monte | 02/20/2026 | C TOW1 | GRDA08114 | 02/20/2026 | Ej.1 | 02/20/2026 | LIbro | Libro de Carrito | BIBLIOTECA NACIONAL | ||||||
| Dewey Decimal Classification | Biblioteca Pública San Juan de Arama - Concepción de Arama | Biblioteca Pública San Juan de Arama - Concepción de Arama | 03/02/2026 | C TOW1 | SJA01633 | 03/02/2026 | Ej.1 | 03/02/2026 | LIbro | Sala Infantil |